| 000 | 01066nam a2200289 a 4500 | ||
|---|---|---|---|
| 003 | CO-ViMGA | ||
| 005 | 20230915232204.0 | ||
| 008 | 100630s2008 ck g 00010 spa d | ||
| 020 | _a9789582009366 | ||
| 040 |
_aCO-ViMGA _bspa _cCO-ViMGA |
||
| 043 | _as-ck--- | ||
| 082 | 0 | 4 |
_a370.115 _bC65c1 _220 |
| 100 | 1 |
_aOvejero, anastasio _91447 |
|
| 245 | 1 | 3 |
_aLa convivencia sin violencia : _brecursos para educar / _cautores, Anastasio Ovejero ... [et al.] ; coordinadores, Fco. Javier Rodríguez Díaz, Anastasio Ovejero Bernal. |
| 260 |
_aBogotá : _bCooperativa Editorial Magisterio, _c2008. |
||
| 300 |
_a177 p. ; _c24 cm. |
||
| 490 | 0 | _aAula múltiple | |
| 500 | _aIncluye bibliografía. | ||
| 650 | 1 | 4 |
_aEducación cívica. _9473 |
| 650 | 1 | 4 |
_aSocialización _x Enseñanza. _91449 |
| 650 | 1 | 4 |
_aAprendizaje social. _91448 |
| 650 | 1 | 4 |
_aConvivencia _x Enseñanza. _91450 |
| 650 | 1 | 4 |
_aHabilidades sociales. _91451 |
| 700 | 1 |
_aOvejero Bernal, Anastasio, _ecoord. _91453 |
|
| 700 | 1 |
_aRodríguez Díaz, Francisco Javier, _ecoord. _91452 |
|
| 942 |
_2ddc _cBK |
||
| 999 |
_c33518 _d33518 |
||